=LDR 00000nam 2200000 4500 =001 INLIS000000000028756 =005 20130612131035 =008 ***********************************Ind** =035 ##$$a0010-061300000028756 =041 ##$$a Ind =082 ##$$a 2x4.2 =090 ##$$a 2x4.2, Alm d =100 ##$$a Alma, Buchari =245 ##$$a Dasar-dasar etika bisnis, Prof. Dr. H. Buchari Alma =260 ##$$a 2003 $b Bandung =300 ##$$a v, 288 hlm, 21 cm =650 ##$$a Mu'amalat =850 ##$$a NBPNMAT =990 ##$$a 21400613/BPAP-NTB/20142014